000 00233nam a2200097Ia 4500
008 240331s9999 xx 000 0 und d
082 _bNEW
100 _aMcHenry, R. ed
245 4 _aThe new encyclopaediaBritannica :
_bvol. 2
942 _cL
999 _c3273
_d3273